000 00695nam a2200289Ia 4500
005 20260324142532.0
008 008 260324s9999 xx 000 0 eng d
020 _a9780203763377
037 _aEBOOK
040 _aCRL
040 _beng
040 _cCRL
041 _2eng
041 _aeng
084 _qCRL
100 _aMark P. Zanna; James M. Olson
_91212301
245 4 _aThe Psychology of Prejudice
245 4 _bThe Ontario Symposium, Volume 7
260 _bTaylor and Francis
260 _c1994
365 _a
365 _b95.99
856 _uhttp://www.taylorfrancis.com/books/9780203763377
942 _cEBOOK
999 _c1816612
_d1816612